Представление документа в формате RUSMARC

ПолеНазваниеЗначение
  Тип записи a
  Библиографический уровень a
001 Контрольный номер RU/CBS_UL/BASE/463282fbec2043d184b5c5dc74ee91f2
005 Дата корректировки 20240718161829.3
100 Данные общей обработки __
a Данные общей обработки 20240718 ||| 0rusy0189 ca
101 Язык документа 0_
a Язык текста rus
102 Страна публикации __
a Страна публикации RU
200 Заглавие и сведения об ответственности 1_
a Заглавие В мире профессий
e Сведения, относящиеся к заглавию [урок математики в 3 классе]
f Первые сведения об ответственности А. Зиннурова
300 Общие примечания __
a Общие примечания 16+
461 Уровень набора _0
1 2000
a Магариф
463 Уровень физической единицы _0
1 2000
a № 6
v С. 41-43
1 2101
d 2024
1 001RU/CBS_UL/BASE/971c71549ff445e9a3559af2c7e6619f
606 Тематические рубрики 0_
a Основная рубрика Методика преподавания математики
610 Ключевые слова 0_
a Ключевые слова уроки
610 Ключевые слова 0_
a Ключевые слова уроки в школе
610 Ключевые слова 0_
a Ключевые слова уроки математики
610 Ключевые слова 0_
a Ключевые слова организация урока
610 Ключевые слова 0_
a Ключевые слова учителя
686 Индексы других классификаций __
2 Код системы rubbk
a Классификационный индекс 74.262.21
700 Автор _1
a Фамилия Зиннурова
b Имя (инициалы) А.
801 Источник записи _0
a Страна RU
b Организация МБУК ЦБС г. Ульяновска
c Дата составления 20240718
g Правила каталогизации RCR
801 Источник записи _1
a Страна RU
b Организация МБУК ЦБС г. Ульяновска
c Дата составления 20240718
g Правила каталогизации RCR
901 Тип документа __
t Тип документа b
w Контрольный № источника RU/CBS_UL/BASE/971c71549ff445e9a3559af2c7e6619f
909 Создатель записи __
a Создатель записи lib17